000 00401nam a22001697a 4500
005 20160524120712.0
008 160524b xxu||||| |||| 00| 0 eng d
020 _a978-0-07-065648-2
041 _aeng
082 _b4582
100 _aBudhiraja, BS & Others
_91130
245 _aStrategy
260 _aNew Delhi
_bAcademic Faundation
300 _a156
650 _aManagement
_9241
942 _cBK
999 _c1536
_d1535